000
00326nam a22001217a 4500
040
_c
SK
082
_a
580
100
_a
កសិកម្ម
245
_a
រុក្ខជាតិនៅកម្ពុជា
260
_a
ក្រសួងកសិកម្ម
_b
កសិកម្ម
_c
1985
300
_a
79p.
942
_c
KB
999
_c
9444
_d
9444